| 000 | 00597nam a2200193Ia 4500 | ||
|---|---|---|---|
| 003 | GCL | ||
| 008 | 140319s9999 xx 000 0 eng d | ||
| 040 |
_aGCL / _cGCL |
||
| 082 | 0 | 4 |
_a005.303 _bL S |
| 100 | 1 | _aLAMAR, BEVERLEY | |
| 245 | 1 | 0 |
_aTHE SOFTWARE ENCYCLOPEDIA 1997: A GUIDE FOR PERSONAL, PROFESSIONAL AND BUSINESS USERS / _cLAMAR, BEVERLEY |
| 700 | 1 | _aHARRIS, VALERIE | |
| 260 |
_a[S.N] : _bR.R. BOWKER COMPANY ، _c1997 |
||
| 650 | 0 | 4 | _aشعر الحرب |
| 650 | 0 | 4 | _aSOFT WARE |
| 650 | 0 | 4 | _aSOFTWARE - ENCYCLOPEDIA |
| 650 | 0 | 4 | _aCOMPUTER PROGRAMMING ENCYCLOPEDIA |
| 942 |
_2ddc _cBK |
||
| 999 |
_c14772 _d14772 |
||